| 000 | 00586cam a2200217 4500 | ||
|---|---|---|---|
| 001 | D6239 | ||
| 008 | 090401t1979 xxu||||| |||| 00| 0 eng d | ||
| 035 | _a(Sirsi) u92741 | ||
| 041 | _aeng | ||
| 050 | _a333.332 | ||
| 100 | _aJonas, C.W. | ||
| 245 | _aValuing commercial and industrial property for investment | ||
| 260 |
_aReading _bCALUS _c1979 |
||
| 300 | _a31p. 25cm | ||
| 350 | _a0 | ||
| 490 |
_aProperty Valuation Handbook _vB2 |
||
| 710 |
_aCentre for Advanced Land Use Studies _92934 |
||
| 710 |
_aCollege of Estate Management _9400 |
||
| 942 | _n0 | ||
| 948 | _c04/03/1997 | ||
| 999 |
_c97776 _d97776 |
||